000
00311nam a2200145Ia 4500
100
_a
Chandra/A.M/ Satish chandra
942
_c
BK
654
_a
Graphics
245
_a
Engineering Graphics
260
_b
Narosa book
_a
Jalgaon
_c
1998
082
_a
6.6
_b
CHA
300
_a
380
546
_a
ENGLISH
999
_c
27272
_d
27272